Normativa urbanística metropolitana
Descripción Física:
329 p., 1 map. pleg., solt ; 21 cm
MARC
| LEADER | 00000nam a2200000Ia 4500 | ||
|---|---|---|---|
| 001 | 10084 | ||
| 008 | 160829s9999 xx 000 0 cat d | ||
| 080 | |a B-1-359 | ||
| 245 | |a Normativa urbanística metropolitana | ||
| 260 | |a Barcelona : |b Mancomunitat de Municipis de l'Àrea Metropolitana de Barcelona, DL 1990 | ||
| 300 | |a 329 p., 1 map. pleg., solt ; |c 21 cm | ||
| 590 | |a Índex | ||
| 650 | |a Urbanisme |x Dret i legislació |x Barcelona (Àrea metropolitana) |9 37292 | ||
| 710 | 2 | |a Mancomunitat de Municipis de l'Àrea Metropolitana de Barcelona |9 6256 | |
| 901 | |a Arxiu | ||
| 942 | |n 1 | ||
| 952 | |0 0 |1 0 |4 0 |6 B1359 |7 1 |9 47790 |a Arxiu |b Arxiu |d 2016-12-01 |l 0 |o B-1-359 |p 10084 |r 2016-12-01 00:00:00 |w 2016-12-01 |y ARXIU | ||
| 999 | |c 51589 |d 51589 | ||